000 00431nam a2200157 i 4500
001 85156
003 ES-MaACL
005 20230906175207.0
007 t|
008 041125s1910 fr ||||1| fre d
100 1 _aJoussain, André.
_967032
245 1 0 _aRomantisme et religion /
_cAndré Joussain.
260 _aParis :
_b[s.n.],
_c1910 (
_eTours :
_fArrault et Cie.)
300 _a178 p. ;
_c18 cm.
852 _aES-MaACL
_jF-11927
999 _c85156
_d85156